Grabados y litografías de Goya (Record no. 8026)

MARC details
000 -CABECERA
campo de control de longitud fija 00731nam a2200229 a 4500
001 - NÚMERO DE CONTROL
campo de control BRCA_8358
005 - FECHA Y HORA DE LA ÚLTIMA TRANSACCIÓN
campo de control 20190320210240.0
008 - DATOS DE LONGITUD FIJA--INFORMACIÓN GENERAL
campo de control de longitud fija 230714s1928----sp-a###f##---#001-0#spa-#
041 ## - CÓDIGO DE LENGUA
Código de lengua del texto/banda sonora o título independiente spa
044 ## - CÓDIGO DEL PAÍS DE LA ENTIDAD EDITORA/PRODUCTORA
Código MARC del país sp
050 #4 - SIGNATURA TOPOGRÁFICA DE LA BIBLIOTECA DEL CONGRESO
Número de clasificación NE702.G6
Número de documento/Ítem .V4 1928
100 1# - ENTRADA PRINCIPAL--NOMBRE DE PERSONA
Nombre de persona Velasco y Aguirre, Miguel
9 (RLIN) 20932
245 10 - MENCIÓN DE TÍTULO
Título Grabados y litografías de Goya
Mención de responsabilidad, etc. notas histórico-artísticas por Miguel Velasco y Aguirre.
260 ## - PUBLICACIÓN, DISTRIBUCIÓN, ETC.
Lugar de publicación, distribución, etc. Madrid
Nombre del editor, distribuidor, etc. Espasa-Calpe
Fecha de publicación, distribución, etc. 1928
300 ## - DESCRIPCIÓN FÍSICA
Extensión 16 p.
Otras características físicas il. (algunas a color), 288 láminas
Dimensiones 38 cm.
500 ## - NOTA GENERAL
Nota general R96
600 14 - PUNTO DE ACCESO ADICIONAL DE MATERIA--NOMBRE DE PERSONA
Nombre de persona Goya y Lucientes, Francisco José de
Fechas asociadas al nombre 1746-1828
Subdivisión de forma Grabador
9 (RLIN) 20933
650 14 - PUNTO DE ACCESO ADICIONAL DE MATERIA--TÉRMINO DE MATERIA
Término de materia o nombre geográfico como elemento de entrada Grabados españoles
9 (RLIN) 7986
650 14 - PUNTO DE ACCESO ADICIONAL DE MATERIA--TÉRMINO DE MATERIA
Término de materia o nombre geográfico como elemento de entrada Litografías españolas
9 (RLIN) 20934
902 ## - CATALOGADOR
Iniciales GFM
942 ## - ELEMENTOS DE PUNTO DE ACCESO ADICIONAL (KOHA)
Fuente del sistema de clasificación o colocación Library of Congress Classification
Tipo de ítem Koha Libros
Holdings
Estado de retiro Estado de pérdida Estado dañado No para préstamo Localización permanente Ubicación/localización actual Fecha de adquisición Número de inventario Total de préstamos Signatura topográfica completa Código de barras Fecha visto por última vez Precio válido a partir de Tipo de ítem Koha
El ejemplar forma parte de la colección y puede ser consultado según las políticas vigentes.       Biblioteca del Museo Franz Mayer (Rogerio Casas-Alatriste) Biblioteca del Museo Franz Mayer (Rogerio Casas-Alatriste) 23/07/2014 R96   NE702.G6 .V4 1928 (R96) 8982 22/03/2019 22/03/2019 Libros